Disertacion sobre el teatro y circo de Sagunto, ahora villa de Murviedro / (Record no. 161326)
[ view plain ]
| 000 -LEADER | |
|---|---|
| campo de control de longitud fija | 00905nam a22002175i 4500 |
| 001 - NÚMERO DE CONTROL | |
| campo de control | 161326 |
| 003 - IDENTIFICADOR DE NÚMERO DE CONTROL | |
| campo de control | ES-MaACL |
| 005 - FECHA Y HORA DE LA ÚLTIMA TRANSACCIÓN | |
| campo de control | 20230906212246.0 |
| 008 - DATOS DE LONGITUD FIJA--INFORMACIÓN GENERAL | |
| campo de control de longitud fija | 960320s1793 sp a |||| | spa d |
| 040 ## - FUENTE DE CATALOGACIÓN | |
| Centro catalogador/agencia de origen | CAV |
| Lengua de catalogación | spa |
| Centro/agencia transcriptor | CCPB | SIC |
| 100 1# - ENTRADA PRINCIPAL--NOMBRE DE PERSONA | |
| Nombre de persona | Palos y Navarro, Enrique. |
| 9 (RLIN) | 130807 |
| 245 10 - MENCIÓN DEL TÍTULO | |
| Título | Disertacion sobre el teatro y circo de Sagunto, ahora villa de Murviedro / |
| Mención de responsabilidad, etc. | compuesta por ... Enrique Palos y Navarro... |
| 260 ## - PUBLICACIÓN, DISTRIBUCIÓN, ETC. | |
| Lugar de publicación, distribución, etc. | En Valencia : |
| Nombre del editor, distribuidor, etc. | y oficina de Salvador Fauli, |
| Fecha de publicación, distribución, etc. | 1793. |
| 300 ## - DESCRIPCIÓN FÍSICA | |
| Extensión | [8], 52 p., [1] h. de plan. pleg. ; |
| Dimensiones | 4\po\s. |
| 596 ## - NOTA AL PIE DE IMPRENTA | |
| NOTA AL PIE DE IMPRENTA | Marca tip. en port. |
| 597 ## - NOTA DE DESCRIPCIÓN FÍSICA | |
| NOTA DE DESCRIPCIÓN FÍSICA | Sign.: ¶\p4\s, a-f\p4\s, g\p2\s. |
| 599 ## - NOTA A LAS ILUSTRACIONES | |
| NOTA A LAS ILUSTRACIONES | La h. de plan.calc., plano del teatro de Sagunto. |
| 700 11 - ENTRADA AGREGADA--NOMBRE PERSONAL | |
| Nombre de persona | Faulí, Salvador, |
| Término indicativo de función/relación | |
| 9 (RLIN) | 127019 |
| 752 ## - ENTRADA AGREGADA--NOMBRE JERÁRQUICO DEL LUGAR | |
| País o entidad superior | España - |
| Ciudad | Valencia |
| 852 ## - LOCALIZACIÓN | |
| Ubicación | ES-MaACL |
| Número de control de estantería | R-1862 |
| Nota libre | -- Enc. piel |
| -- | -- Legado M. de la Fuente |
| condición física | -- Falto de la port. y pag. 47-52. Olim: B-338 |
| Estatus retirado | Estado de pérdida | Estado de daño | No para préstamo | Colección | Biblioteca de origen | Biblioteca actual | Ubicación en estantería | Fecha de adquisición | Fuente de adquisición | Total de préstamos | Signatura topográfica completa | Código de barras | Visto por última vez | Precio de reemplazo | Tipo de ítem Koha |
|---|---|---|---|---|---|---|---|---|---|---|---|---|---|---|---|
| Libros del s. XVIII | Biblioteca del Ateneo de Madrid | Biblioteca del Ateneo de Madrid | Depósito | 17/01/2008 | R-1862 | 1168978 | 23/02/2023 | 23/02/2023 | Libro impreso antiguo |
